L'ultimo Catone

-д хадгалсан:
Номзүйн дэлгэрэнгүй
Үндсэн зохиолч: Matilde Asensi
Формат: Ном
Хэл сонгох:Тодорхойгүй
Хэвлэсэн: Sonsogno Editopre
Шошгууд: Шошго нэмэх
Шошго байхгүй, Энэхүү баримтыг шошголох эхний хүн болох!

MARC

LEADER 00000nam a2200000Ia 4500
001 R-476
003 CODICE-MESSINA
005 20260212102452.0
008 260211s9999 xx 000 0 und d
040 |c importazione_messina 
100 |a Matilde Asensi 
245 0 |a L'ultimo Catone 
260 |b Sonsogno Editopre 
942 |2 ddc  |c BK 
952 |0 0  |1 0  |2 ddc  |4 0  |6 SCAFFALE_4_000000000000000__ROMANZI  |7 0  |9 31296  |a ME  |b ME  |d 2026-02-11  |l 0  |o SCAFFALE 4 - ROMANZI  |p R-476  |r 2026-02-11 23:52:27  |w 2026-02-11  |x [REVISIONARE]  |y BK 
999 |c 26960  |d 26960